Regulating the ultimate sink : managing the risks of geologic CO2 storage/

Tallennettuna:
Bibliografiset tiedot
Päätekijä: Wilson, Elizabeth J.
Muut tekijät: Johnson, Timothy L., Keith, David W.
Aineistotyyppi: Artikkeli
Kieli:English
Aiheet:
Tagit: Lisää tagi
Ei tageja, Lisää ensimmäinen tagi!
Thư viện lưu trữ: Thư viện Trường Đại học Đà Lạt
LEADER 01037nam a2200337 4500
001 DLU090093932
005 ##20091201
040 # # |a DLU  |b eng 
041 # # |a eng 
044 # # |a us 
100 # # |a Wilson, Elizabeth J. 
245 # # |a Regulating the ultimate sink : managing the risks of geologic CO2 storage/  |c Elizabeth J. Wilson, Timothy L. Johnson, David W. Keith. 
653 # # |a Air pollution 
653 # # |a Carbon dioxide 
653 # # |a Carbon sequestration 
653 # # |a Greenhouse gas 
653 # # |a Marine sediments 
653 # # |a Pollution control 
653 # # |a Risk assessment 
700 # # |a Johnson, Timothy L. 
700 # # |a Keith, David W. 
773 # # |t Environmental Science & Technology  |g Vol. 37, no. 16 (August 2003), p. 3476-3483 
920 # # |a Phòng Tạp chí -- Trung tâm Thông tin - Thư viện Trường Đại học Đà Lạt 
994 # # |a DLU 
900 # # |a True 
911 # # |a Trương Bảo Trâm Anh 
925 # # |a G 
926 # # |a A 
927 # # |a BB 
980 # # |a Thư viện Trường Đại học Đà Lạt